Do workers accept lower wages in exchange for health benefits? (Registro nro. 33416)

Detalles MARC
000 -LEADER
fixed length control field 00355 a2200109 4500
001 - CONTROL NUMBER
control field ART_43596
005 - DATE AND TIME OF LATEST TRANSACTION
control field 20260410162024.0
008 - FIXED-LENGTH DATA ELEMENTS--GENERAL INFORMATION
fixed length control field 260409a
100 1# - MAIN ENTRY--PERSONAL NAME
Personal name Olson, Craig A.
245 10 - TITLE STATEMENT
Title Do workers accept lower wages in exchange for health benefits?
773 0# - HOST ITEM ENTRY
Title Journal of labor economics
Related parts - Vol. 20, Nº 2/2 (abr. 2002)
Record control number REV43438

No hay ítems disponibles.